00434nam a22001577a 450000500170000001000150001702000110003203500140004303700130005708200120007010000270008224500450010926000440015427000570019830000210025520220804112233.0 aENG-134233 c600.00 aEN-117765 bDBAD/PUB a320.954 aReddy, G. Ramachandhra aBanana Republic/cRamachandhra Reddy G.  aHyderabadbSri Sai Communicationsc2011 aShahjahan Apartments, KhairatabadbHyderabade500004 a228p.c21cm(hbk)